| 000 | 01274nam a22002897a 4500 | ||
|---|---|---|---|
| 999 |
_c119163 _d119163 |
||
| 003 | dpl | ||
| 005 | 20190226133037.0 | ||
| 008 | 190226b ||||| |||| 00| 0 eng d | ||
| 010 | _aB-014344 | ||
| 020 |
_c500.00 _a8174530304 |
||
| 035 | _aB-014344, B-014348 | ||
| 037 | _bCen Lib/Ret | ||
| 040 |
_aDPL _bHN _c0 |
||
| 082 |
_a780.8 _bगर्गउ |
||
| 100 |
_aगर्ग, उमा _983638 |
||
| 245 |
_aसंगीत का सोंदर्य-बोध : _cउमा गर्ग _bफिल्म संगीत के संदारंह में / |
||
| 246 |
_aSageet ka sondrya bodh : fil sangeet ke sandarbh mei / _bby Uma Garg |
||
| 260 |
_aदिल्ली _bसंजय प्रकाशन _c2000 |
||
| 270 |
_bदिल्ली _aएक्स-4, गली न.2 ब्रहमपुरी _e110053 |
||
| 300 |
_aix,318पृ. _c20सेमी(सजिल्द ) |
||
| 500 | _aसन्दर्भ सूची शामिल | ||
| 650 |
_aशास्त्री संगीत--भारत _x _z _983639 |
||
| 650 |
_aशास्त्री संगीत _91291 |
||
| 650 |
_aClassical music--India _983640 |
||
| 650 |
_aClassical music _938069 |
||
| 942 |
_2ddc _cHN _h780.8 _mगर्गउ |
||